000 00354nam a2200133Ia 4500
008 240624s9999 xx 000 0 und d
041 _aeng
082 _a005.43 SIL
100 _aSILBERSCHATZ ABRAHAM
245 _aOPERATING SYSTEM CONCEPTS
250 _a(6th ed.)
260 _c2004
_aSingapore
_bJohn Wiley and Sons
300 _axxi, : 951 : p. : cm. ; 23
999 _c5364
_d5364